10 stanów USA produkujące najwięcej węgla - Statystyki

Ogólne statystyki
  • Ten quiz został rozwiązany 46 razy
  • Średni wynik to 5 z 10
Statystyki odpowiedzi
Wydobycie w tonach Margines Trumpa Stan % Poprawnych
24 823 9.0% Teksas
88%
29 643 35.7% Dakota Północna
59%
49 563 -17.1% Illinois
54%
38 610 20.4% Montana
51%
304 118 45.7% Wyoming
46%
14 783 27.7% Alabama
44%
49 883 0.7% Pennsylwania
44%
34 598 18.9% Indiana
39%
39 567 29.8% Kentucky
29%
95 365 42.1% Wirginia Zachodnia
17%
Nie znaleziono quizów pasujących do podanych kryteriów
Rozkład punktacji
Procent ludzi z każdym wynikiem
Percentyl według liczby udzielonych odpowiedzi
Twoja historia wyników
Nie rozwiązałeś tego quizu